000 01055nam a2200325Ia 4500
001 dia_3056
003 CHAP
005 20230314115720.0
008 220117s1977 xx 000 0 und d
010 _a173562
020 _a968-15-1502-6
040 _cCHAP
082 _a332.4 B54 1977
100 _aBiernan, Harold
_9153986
245 _aEl presupuesto de bienes de capital : la toma de decisiones /
_c Harnold Biernam Jr. y Seymour Smidt ; traducción Eduardo L. Suárez
260 _aMexico :
_b Fondo de Cultura Económica,
_c1977
300 _a462 p
400 _aSECCION DE OBRAS DE ECONOMIA
440 _aObras de economía
_982534
500 _aTítulo original: The capital budgeting decision
503 _aC/e
650 _aEconomía
_935226
650 _aToma de decisiones
_9113662
700 _aSmidt, Seymour, coaut.
_9153987
700 _aSuárez, Eduardo L., tr.
_9138931
901 _a332.4 B54 1977
902 _aM
905 _a0000001977 MX mn 0000000000SPA00
942 _cLIBRO
_2ddc
999 _c173562
_d173562